LEADER 00993nam a2200253 i 4500 001 000000147372 003 CaOOAMICUS 005 20060201000000.0 008 060201s1980 it u000 u ita u 013 $a124514 020 $a88-215-0080-2 040 $aSeMil$bita 100 1 $aDelarue, Jacques.$0(OLS)http://semarc/name/37046 240 10$aA la rencontre de l'Esprit Saint.$0(OLS)http://semarc/title/215487 245 10$aIncontro con lo Spirito Santo /$cJacques Delarue. 260 $aRoma :$bPaoline,$ccopyr. 1980. 300 $a108 p. ;$c21 cm. 650 4$aSpirito Santo - Meditazioni.$0(OLS)http://semarc/subject/6356 850 $aSeMil 852 $aSeMil$W1$xVenegono$y1$m3F III 16$j99929$B99929$CSeMilBibl$Z2$F108928 $81 961 $aOmaggio: Oneta don Marco 996 $6020$a88-215-0080-2$9(OLS)http://semarc/number/136045 996 $6245$aIncontro con lo Spirito Santo$9(OLS)http://semarc/title/215486 996 $6260$aRoma :$bPaoline$9(OLS)http://semarc/publisher/29686 LEADER 01263nam a2200265 i 4500 001 000000188703 003 CaOOAMICUS 005 20100419000000.0 008 100419s1937 be u000 u fre u 013 $a166919 040 $aSeMil$bita 100 1 $aOrtegat, Paul .$0(OLS)http://semarc/name/6880 245 10$aPhilosophie de la religion :$bintroduction critique : étude des systèmes modernes /$cPaul Ortegat. 260 $aParis :$bDesclée & Cie,$c1937. 260 $aBruxelles :$bL'Édition Universelle,$c1937. 300 $a475 p. ;$c23 cm. 490 0 $aMuseum Lessianum. Section philosophique ;$v20 650 4$aFilosofia della religione.$0(OLS)http://semarc/subject/504 650 4$aReligione - Filosofia.$0(OLS)http://semarc/subject/505 830 0$aMuseum Lessianum. Section philosophique ;$v20.$0(OLS)http://semarc/title/9471 850 $aSeMil 852 $aSeMil$W1$xVenegono$y1$m2X IV 81$j139340$B139340$CSeMilBibl$Z2$F150943 $81 996 $6245$aPhilosophie de la religion :$bintroduction critique : étude des systèmes modernes$9(OLS)http://semarc/title/271603 996 $6260$aBruxelles :$bL'Édition Universelle$9(OLS)http://semarc/publisher/30133 996 $6260$aParis :$bDesclée & Cie$9(OLS)http://semarc/publisher/31203